|
|
|
|
| LEADER |
00000nab a2200000uu 4500 |
| 001 |
vtls011450045 |
| 003 |
SK-MaSNL |
| 005 |
20260303151417.0 |
| 008 |
230222|2011 xo |||||||||||||||||eng| |
| 015 |
|
|
|a SNBRB
|
| 035 |
|
|
|a (urnnbn)urn:nbn:sk:snk:ar-006f4t
|
| 035 |
|
|
|a (uuid)a81c12fc-7b2b-4909-aefc-6be7289d9f40
|
| 035 |
|
|
|a urn:nbn:sk:snk-abcmbo
|
| 040 |
|
|
|a SNKBUCL
|b slo
|c SNKBUCL
|e AACR2
|
| 041 |
0 |
|
|a eng
|
| 044 |
|
|
|a xo
|c SK
|
| 100 |
1 |
|
|a Aral, Ali
|4 aut
|9 1170922
|
| 245 |
1 |
0 |
|a GENERALIZED q-BASKAKOV OPERATORS
|c Ali Aral, Vijay Gupta
|
| 700 |
1 |
|
|a Gupta, Vijay
|4 aut
|9 1170941
|
| 773 |
0 |
|
|t Mathematica Slovaca
|g Roč. 61, č. 4 (2011), s. [619]-634
|
| 958 |
|
|
|a OND
|
| 958 |
|
|
|a EUIPO
|
| 958 |
|
|
|a article16
|
| 999 |
|
|
|c 2017547
|d 2019477
|